Focused on internal audit in banks

Bazilejská komisia pre bankový dohľad a špecifiká v corporate governance. Kľúčové oblasti v corporate governance: etika a dôvera.

Gespeichert in:
Bibliographische Detailangaben
1. Verfasser: Muchová, Martina, 1973-
Format: Buchkapitel
Sprache:Englisch
Schlagworte:
Tags: Tag hinzufügen
Keine Tags, Fügen Sie das erste Tag hinzu!

MARC

LEADER 00000naa$a2200000$$$4500
001 0210277
005 20240502073512.2
041 0 |a eng 
044 |a SK 
245 1 0 |a Focused on internal audit in banks  |c Martina Muchová 
520 |a Bazilejská komisia pre bankový dohľad a špecifiká v corporate governance. Kľúčové oblasti v corporate governance: etika a dôvera. 
610 2 0 |a banky 
610 2 0 |a audit 
610 2 0 |a korporácie 
610 2 0 |a kultúra 
610 2 0 |a etika 
100 1 |a Muchová, Martina, 1973-